000 00620nam a2200229Ia 4500
003 OSt
005 20221007081135.0
006 a|||||r|||| 00| 0
007 ta
008 221006b |||||||| |||| 00| 0 eng d
024 _a28,297
037 _cTextual
040 _aFLL
_cFLL
_beng
041 _2eng
_aeng
082 _aZ73-55, L2
100 _aDrobnig Ulrich
_9696515
245 0 _aBilateral studies in private intrernational law
260 _aNew York
_bOceana Publications USA
_c1972
300 _a510p
_ccm.
942 _hZ73-55, L2
_cTEXL
_2CC
999 _c1162166
_d1162166